[Event "Bucaramanga Rueda Plata Memorial"]
[Site "Bucaramanga"]
[Date "2017.07.22"]
[Round "1"]
[White "Portilla Garcia, Wilfer Ernesto"]
[Black "Mendez Rivera, Laura Vanessa"]
[Result "1-0"]
[WhiteElo "1666"]
[BlackElo "1272"]
[PlyCount "65"]
[EventDate "2017.07.22"]
[EventType "swiss"]
[EventRounds "6"]
[EventCountry "COL"]
[SourceTitle "EXT 2020"]
[Source "ChessBase"]
[SourceDate "2019.10.17"]
[SourceVersion "1"]
[SourceVersionDate "2019.10.17"]
[SourceQuality "1"]

1. e4 e5 2. Nf3 Nc6 3. Bc4 Nf6 4. d3 h6 5. 0-0 Bc5 6. c3 d6 7. b4 Bb6 8. Qb3 0-0 9. a4 a6 10. Nbd2 Qe8 11. Nh4 Be6 12. Ng6 fxg6 13. Bxe6+ Kh8 14. Nf3 Nd8 15. Bc4 g5 16. Be3 Nd7 17. a5 Ba7 18. Rae1 Nf6 19. Nd2 g4 20. Bxa7 Rxa7 21. f4 Qh5 22. fxe5 dxe5 23. Rf5 Qe8 24. Ref1 Nf7 25. Bxf7 Rxf7 26. Nc4 Re7 27. Ne3 Qd8 28. Nxg4 Qxd3 29. Nxf6 Qe3+ 30. Kh1 gxf6 31. Rxf6 Ra8 32. Rf8+ Rxf8 33. Rxf8+ 1-0

[Event "Zipaquira sf3 U16 Girls"]
[Site "Zipaquira"]
[Date "2017.03.31"]
[Round "3.8"]
[White "Mendez Rivera, Laura Vanessa"]
[Black "Guevara Varila, Jaidith Katherin"]
[Result "0-1"]
[WhiteElo "1312"]
[BlackElo "1622"]
[PlyCount "60"]
[EventDate "2017.03.30"]
[EventType "swiss"]
[EventRounds "6"]
[EventCountry "COL"]
[SourceTitle "EXT 2024"]
[Source "ChessBase"]
[SourceDate "2023.10.10"]
[SourceVersion "1"]
[SourceVersionDate "2023.10.10"]
[SourceQuality "1"]

1. e4 e5 2. Nf3 Nc6 3. Nc3 Bc5 4. Nxe5 Bxf2+ 5. Kxf2 Nxe5 6. d4 Nc6 7. Kg1 d6 8. Bc4 Qf6 9. Be3 Nge7 10. Qf1 Qxf1+ 11. Rxf1 0-0 12. h4 h5 13. a3 a6 14. b4 b5 15. Ba2 Na7 16. Bg5 Nec6 17. g3 Nd8 18. Bxd8 Rxd8 19. Rxf7 d5 20. Bxd5 Rxd5 21. Nxd5 Kxf7 22. Nxc7 Rb8 23. Kg2 Bb7 24. d5 Rc8 25. Ne6 Rxc2+ 26. Kh3 Rf2 27. Ng5+ Kg6 28. Rd1 Bc8+ 29. Ne6 Re2 30. d6 Bxe6+ 0-1

[Event "Zipaquira sf3 U16 Girls"]
[Site "Zipaquira"]
[Date "2017.03.30"]
[Round "1.5"]
[White "Mejia Perez, Julia Marcela"]
[Black "Mendez Rivera, Laura Vanessa"]
[Result "1-0"]
[WhiteElo "1500"]
[BlackElo "1312"]
[PlyCount "85"]
[EventDate "2017.03.30"]
[EventType "swiss"]
[EventRounds "6"]
[EventCountry "COL"]
[SourceTitle "EXT 2024"]
[Source "ChessBase"]
[SourceDate "2023.10.10"]
[SourceVersion "1"]
[SourceVersionDate "2023.10.10"]
[SourceQuality "1"]

1. c4 e5 2. Nc3 Nf6 3. e3 d5 4. d4 e4 5. cxd5 Nxd5 6. Nxe4 Qe7 7. Ng3 Nf6 8. Nf3 Nc6 9. Be2 Bg4 10. h3 Bxf3 11. Bxf3 Qb4+ 12. Qd2 Qxd2+ 13. Bxd2 Bd6 14. Nf5 0-0 15. Rc1 Bb4 16. Bxb4 Nxb4 17. Rxc7 Nd3+ 18. Ke2 Nxb2 19. Rxb7 Rab8 20. Rxa7 g6 21. Nd6 Rb6 22. Nb7 Rc8 23. Nc5 Ne8 24. Bd5 Nc7 25. Bb3 Kh8 26. Rb1 Nc4 27. Na4 Rb4 28. Rc1 Nd5 29. Nc5 Ndb6 30. a3 Rb5 31. Bxc4 Nxc4 32. Rxc4 Rb2+ 33. Kf3 Rc6 34. Rxf7 Kg8 35. Rf4 g5 36. Rf5 h6 37. Rb4 Ra2 38. a4 Kg7 39. Rb7+ Kg6 40. g4 h5 41. Rbf7 hxg4+ 42. hxg4 Rc8 43. R5f6# 1-0